Chaîne de mots - Italie - Statistiques

Statistiques générales
  • Ce quiz a été pris 22 622 fois
  • Le résultat moyen est 11 sur 22
Statistiques - réponses
Indice Réponse % Correct
Frère de Rémus Romulus
91%
Volcan actif le plus haut d'Europe Etna
83%
Ville proche du Vésuve Naples
81%
Deuxième plus grande île d'Italie Sardaigne
78%
Club de football des Nerazzurri : ____ Milan Inter
72%
Fontaine romaine : La Fontaine de _____ Trevi
71%
Entremets à base de mascarpone Tiramisu
70%
Hôte des Jeux olympiques d'hiver de 2006 Turin
69%
"Bambino" en français Enfant
63%
Titre de Tibère ou de Marc Aurèle Empereur
62%
Café italien Expresso
61%
Saint François d' ______ Assise
60%
Genre musical de Verdi ou Rossini Opéra
51%
Cocktail originaire de Venise Spritz
41%
Un habitant de Milan ou de Bergame Lombard
33%
Terme italien pour "Cathédrale" Duomo
27%
Peintre de l'École d'Athènes Raphaël
23%
Nom de 13 papes Innocent
20%
Malpensa ou Fiumicino par exemple Aéroport
19%
Capitale historique du Frioul Udine
15%
Pérouse est sa capitale Ombrie
13%
Designer de chaussures : Giuseppe _______ Zanotti
9%
Aucun quiz correspondant
Distribution des résultats
% des personnes avec chaque résultat
Percentile par nombre de réponses
Votre historique - résultats
Vous n’avez pas pris ce quiz